[Event "7th Sunway Sitges 2020"]
[Site "Sitges ESP"]
[Date "2020.12.17"]
[Round "5.8"]
[White "Nevednichy, Vladislav"]
[Black "Garcia Martin, Marta"]
[Result "1/2-1/2"]
[WhiteTitle "GM"]
[BlackTitle "IM"]
[WhiteElo "2546"]
[BlackElo "2342"]
[WhiteFideId "1205730"]
[BlackFideId "32084030"]
[EventDate "2020.12.13"]

1. e4 c5 2. Nf3 e6 3. d4 cxd4 4. Nxd4 Nc6 5. Nc3 Qc7 6. Qd3 Nxd4 7. Qxd4 a6 8.
Be3 b5 9. Be2 Bb7 10. O-O b4 11. Na4 Nf6 12. Nb6 Rb8 13. e5 Nd5 14. Nxd5 Bxd5
15. c4 bxc3 16. bxc3 Ba3 17. Qg4 O-O 18. c4 Bc6 19. Bh6 Qxe5 20. Bf4 Qa5 21.
Bxb8 Rxb8 22. Bf3 Ba4 23. Rab1 Rf8 24. Qd4 Bc5 25. Qd3 Qc7 26. g3 f5 27. Kg2 g5
28. h3 g4 29. hxg4 fxg4 30. Bxg4 Bc6+ 31. f3 Rf6 32. Rh1 Rg6 33. Rh5 Rxg4 34.
Qxh7+ Kf8 35. Rf5+ exf5 36. Qxf5+ Ke8 37. Qxg4 Qe5 38. Qg6+ Ke7 39. Qh7+ Kd6 40.
Qh6+ Ke7 41. Qh7+ Kd6 42. Qh6+ Kc7 43. Qf4 Qxf4 44. gxf4 Kd6 45. Rd1+ Ke6 46.
Kg3 a5 47. Kg4 Kf6 48. Rh1 d6 49. f5 Be8 50. Rh8 Bf7 51. Ra8 Bb4 52. a3 Bxa3 53.
Rxa5 Bc5 54. Ra4 Ke5 55. Kg5 Be3+ 56. Kg4 Bb6 57. Kg5 Bd8+ 58. Kg4 Bf6 59. Ra5+
Kd4 60. c5 dxc5 61. Ra6 Bh8 62. Rh6 Be5 63. f4 c4 64. fxe5 Kxe5 65. Rc6 Bd5 66.
f6 Kd4 67. Rd6 c3 68. f7 c2 69. f8=Q c1=Q 70. Qg7+ Ke4 71. Qg6+ Kd4 72. Qg7+ Ke4
73. Qe7+ Kd4 74. Qa7+ Ke5 75. Rxd5+ Kxd5 76. Qd7+ Ke4 77. Qf5+ Kd4 78. Qf4+
Qxf4+ 79. Kxf4 1/2-1/2

[Event "7th Sunway Sitges 2020"]
[Site "Sitges ESP"]
[Date "2020.12.17"]
[Round "5.9"]
[White "Maurizzi, Marc Andria"]
[Black "Krysa, Leandro"]
[Result "1/2-1/2"]
[WhiteTitle "IM"]
[BlackTitle "GM"]
[WhiteElo "2445"]
[BlackElo "2544"]
[WhiteFideId "36083534"]
[BlackFideId "116807"]
[EventDate "2020.12.13"]

1. c4 c5 2. Nf3 Nf6 3. Nc3 d5 4. cxd5 Nxd5 5. e4 Nb4 6. Bc4 Be6 7. Bxe6 Nd3+ 8.
Kf1 fxe6 9. Qb3 Qd7 10. Ng5 Nc6 11. Nb5 O-O-O 12. Nxe6 a6 13. Nbc7 Qxc7 14. Nxc7
Kxc7 15. h4 Rd4 16. Qe6 h5 17. Rh3 Nce5 18. f3 Rh6 19. Qg8 Rf6 20. Kg1 g6 21. b4
c4 22. Ba3 Rd8 23. Rg3 Bh6 24. Qh7 Bf8 25. Qg8 Bh6 26. Qh7 Bf8 27. Qg8 Bh6 28.
Qh7 1/2-1/2

[Event "7th Sunway Sitges 2020"]
[Site "Sitges ESP"]
[Date "2020.12.17"]
[Round "5.10"]
[White "Lopez Martinez, Josep Manuel"]
[Black "Jimenez Ruano, Adrian"]
[Result "1-0"]
[WhiteTitle "GM"]
[BlackTitle "FM"]
[WhiteElo "2542"]
[BlackElo "2279"]
[WhiteFideId "2212943"]
[BlackFideId "22276050"]
[EventDate "2020.12.13"]

1. d4 Nf6 2. c4 e6 3. Nc3 Bb4 4. f3 d5 5. a3 Bxc3+ 6. bxc3 c5 7. cxd5 Nxd5 8.
dxc5 Qa5 9. e4 Nf6 10. Be3 Nfd7 11. Qb3 O-O 12. a4 Nc6 13. Bb5 a6 14. Bxc6 bxc6
15. Qb4 Qc7 16. Ne2 Rb8 17. Qd4 Rb2 18. Bc1 Rb3 19. O-O e5 20. Qc4 Qb7 21. Be3
Nf6 22. Qd3 Be6 23. Rfb1 Bc4 24. Qd1 Rxb1 25. Rxb1 Bxe2 26. Qe1 Bb5 27. c4 Qd7
28. axb5 axb5 29. cxb5 cxb5 30. Rd1 Qc7 31. Qb4 Rb8 32. Rd6 Nd7 33. h3 h6 34.
Rd5 Nf8 35. Rd6 Nd7 36. Kh2 Kh7 37. Ra6 Rc8 38. Ra2 Qc6 39. Rb2 Rb8 40. Rd2 Qc7
41. Ra2 Rb7 42. Ra6 Rb8 43. c6 Nf6 44. Qc5 Ne8 45. Bd2 Qc8 46. Ra7 Qe6 47. Ba5
Rc8 48. Ra6 Qf6 49. Kh1 Qg5 50. c7 b4 51. Rc6 b3 52. Qc3 Nf6 53. Qxb3 Qe3 1-0

[Event "7th Sunway Sitges 2020"]
[Site "Sitges ESP"]
[Date "2020.12.17"]
[Round "5.11"]
[White "Garcia Ramos, Daniel"]
[Black "Flom, Gabriel"]
[Result "1/2-1/2"]
[WhiteTitle "FM"]
[BlackTitle "GM"]
[WhiteElo "2380"]
[BlackElo "2499"]
[WhiteFideId "32010311"]
[BlackFideId "621650"]
[EventDate "2020.12.13"]

1. e4 c5 2. Nf3 Nc6 3. d4 cxd4 4. Nxd4 Nf6 5. Nc3 d6 6. Be2 g6 7. Be3 Bg7 8. O-O
O-O 9. a4 Bd7 10. Qd2 a6 11. Rfd1 Rc8 12. Nxc6 Rxc6 13. Bd4 e5 14. Be3 Qc7 15.
f3 Rc8 16. a5 Be6 17. Qe1 Nh5 18. Bf1 f5 19. Ra4 Nf6 20. h3 f4 21. Bf2 g5 22.
Bd3 Qf7 23. Nd5 Nxd5 24. exd5 Bxd5 25. c4 Bxc4 26. Bxc4 Rxc4 27. Rxc4 Rxc4 28.
Rxd6 Qc7 29. Rd1 Qc6 30. Qd2 Bf6 31. Qd3 e4 32. fxe4 Rxe4 33. Bb6 Qe6 34. Kf2 h5
35. Qd5 Qxd5 36. Rxd5 Kf7 37. Kf3 Rb4 38. Rd7+ Ke6 39. Rxb7 Rb3+ 40. Ke2 Rxb2+
41. Kf1 g4 42. Rh7 gxh3 43. gxh3 Kf5 44. Rf7 Ke5 45. Rf8 Rc2 46. Ba7 Ra2 47.
Bb8+ Ke6 48. Bxf4 Rxa5 49. Ke2 Ra3 50. Be3 a5 51. Rb8 Ra2+ 52. Kd3 a4 53. Rb6+
Kf7 54. Rb7+ Ke8 55. Ra7 Ra1 56. Bc5 h4 57. Ra6 Bb2 58. Kc2 a3 59. Kb3 Rh1 60.
Re6+ Kf7 61. Re3 Kg6 62. Rf3 Re1 63. Rf4 Rc1 64. Bf2 Be5 65. Rg4+ Kf5 66. Kxa3
Rc3+ 67. Kb4 Rxh3 68. Rxh4 1/2-1/2

[Event "7th Sunway Sitges 2020"]
[Site "Sitges ESP"]
[Date "2020.12.17"]
[Round "5.12"]
[White "Yu, Jennifer"]
[Black "Narciso Dublan, Marc"]
[Result "0-1"]
[WhiteTitle "FM"]
[BlackTitle "GM"]
[WhiteElo "2328"]
[BlackElo "2495"]
[WhiteFideId "2078341"]
[BlackFideId "2201500"]
[EventDate "2020.12.13"]

1. Nf3 d6 2. d4 Bg4 3. e4 Nf6 4. Nbd2 e6 5. Bd3 Be7 6. O-O O-O 7. c3 Nfd7 8. Qb3
Qc8 9. e5 dxe5 10. Nxe5 Nxe5 11. dxe5 Nc6 12. Nc4 Rd8 13. Qc2 Bf5 14. Be4 Qd7
15. Bf4 Bxe4 16. Qxe4 Qd3 17. Qxd3 Rxd3 18. Rfd1 Rad8 19. Rxd3 Rxd3 20. a4 g5
21. Bg3 Kg7 22. Kf1 Kg6 23. Ke2 Rd5 24. b4 b6 25. Ne3 Rd8 26. f4 gxf4 27. Bxf4
a5 28. b5 Nb8 29. Rf1 Nd7 30. Rf3 h5 31. Rg3+ Kh7 32. Bg5 Bxg5 33. Rxg5 Kh6 34.
h4 Nc5 35. g4 Nxa4 36. Rxh5+ Kg7 37. Nd1 Nc5 38. Nf2 a4 39. Rg5+ Kf8 40. h5 Ke7
41. h6 Rh8 42. Nd3 Ne4 43. Rg7 Rxh6 44. Rg8 Nxc3+ 45. Ke3 Nxb5 46. Ra8 Rh3+ 0-1

[Event "7th Sunway Sitges 2020"]
[Site "Sitges ESP"]
[Date "2020.12.17"]
[Round "5.13"]
[White "Carbonell Sancho, Marc"]
[Black "Niemann, Hans Moke"]
[Result "0-1"]
[BlackTitle "IM"]
[WhiteElo "2318"]
[BlackElo "2478"]
[WhiteFideId "32029969"]
[BlackFideId "2093596"]
[EventDate "2020.12.13"]

1. e4 e5 2. Nf3 Nc6 3. Bc4 Nf6 4. d3 h6 5. c3 d6 6. a4 g6 7. O-O Bg7 8. Re1 O-O
9. Nbd2 a6 10. a5 Be6 11. Bxe6 fxe6 12. d4 exd4 13. Nxd4 Qd7 14. Nxc6 Qxc6 15.
Qa4 Nd7 16. Nb3 Ne5 17. f3 g5 18. Nd4 Qe8 19. Qb3 Qf7 20. Be3 c5 21. Ne2 Nd3 22.
Red1 c4 23. Qa3 d5 24. Ng3 Qg6 25. Bd4 g4 26. fxg4 Qg5 27. h3 Be5 28. Nh5 dxe4
29. Rf1 e3 30. Bxe5 Qxe5 31. Qe7 Nf2 32. Rae1 Rf7 33. Qh4 Raf8 34. Qg3 Qc5 35.
Kh2 Ne4 36. Rxf7 Nxg3 37. Rxf8+ Qxf8 38. Nxg3 Qf4 39. Re2 Kh7 40. h4 h5 41. Re1
hxg4 42. Re2 e5 43. h5 Kg8 44. h6 Kf7 45. Re1 Ke6 46. h7 Qh6+ 47. Kg1 Qxh7 48.
Rxe3 Qb1+ 0-1

[Event "7th Sunway Sitges 2020"]
[Site "Sitges ESP"]
[Date "2020.12.17"]
[Round "5.14"]
[White "Antova, Gabriela"]
[Black "Sochacki, Christophe"]
[Result "0-1"]
[WhiteTitle "FM"]
[BlackTitle "IM"]
[WhiteElo "2247"]
[BlackElo "2469"]
[WhiteFideId "2915235"]
[BlackFideId "662569"]
[EventDate "2020.12.13"]

1. d4 f5 2. c4 Nf6 3. g3 g6 4. Bg2 Bg7 5. Nh3 O-O 6. O-O d6 7. d5 Na6 8. Nc3 Nc5
9. Be3 e5 10. dxe6 Nxe6 11. Rc1 Ng4 12. Bd2 c6 13. b3 Qe7 14. Nf4 Nc5 15. Qc2
Bd7 16. Rcd1 g5 17. Nd3 Ne6 18. Qc1 f4 19. Rde1 Rf7 20. Ne4 Nd4 21. gxf4 gxf4
22. Bxf4 d5 23. cxd5 cxd5 24. Ng3 Rc8 25. Qd1 Nc2 26. Bxd5 Be6 27. Bxe6 Qxe6 28.
e3 Rd7 29. Qe2 Nxe1 30. Rxe1 b6 31. e4 Rcd8 32. Nf5 h5 33. Nb2 Kh7 34. Nc4 Qg6
35. Kh1 b5 36. Na3 Bc3 37. Rg1 Rd1 38. Bg3 Rxg1+ 39. Kxg1 a6 40. Nb1 Bf6 41. h4
Be5 42. Nd2 Bxg3 43. Nxg3 Qd6 44. Ndf1 Qd1 45. Qb2 Rf8 46. Nf5 Rg8 47. Ng3 Ne3
48. fxe3 Rxg3+ 49. Kh2 Rf3 50. Ng3 Qe1 51. Qe5 Qf2+ 0-1

[Event "7th Sunway Sitges 2020"]
[Site "Sitges ESP"]
[Date "2020.12.17"]
[Round "5.15"]
[White "Csiki, Endre"]
[Black "Stefanova, Antoaneta"]
[Result "0-1"]
[WhiteTitle "FM"]
[BlackTitle "GM"]
[WhiteElo "2231"]
[BlackElo "2466"]
[WhiteFideId "775126"]
[BlackFideId "2902257"]
[EventDate "2020.12.13"]

1. e4 c6 2. Nf3 d5 3. d3 dxe4 4. dxe4 Qxd1+ 5. Kxd1 Nf6 6. Nfd2 h5 7. h4 g6 8.
f3 Bh6 9. a4 a5 10. b3 O-O 11. Ba3 Re8 12. Nc4 Nfd7 13. Bb2 Bf4 14. Bd3 Nc5 15.
Nb6 Nxd3 16. cxd3 Ra6 17. Nxc8 Rxc8 18. Na3 Nd7 19. d4 b5 20. axb5 cxb5 21. Nxb5
Rb6 22. Nc3 Rxb3 23. Kc2 Rb4 24. Rxa5 Nb6 25. Rc5 Rb8 26. Bc1 Bd6 27. Rb5 Rc8
28. Rxb4 Bxb4 29. Bd2 Bxc3 30. Bxc3 Na4 31. Kb3 Rxc3+ 32. Kxa4 Rc4+ 33. Kb3 Rxd4
34. Kc3 Rd6 35. Kc2 Kg7 36. Rb1 Kf6 37. Rb5 Ra6 38. f4 Ra2+ 39. Rb2 Ra1 40. g3
Re1 41. Rb6+ Kg7 42. e5 Re2+ 43. Kd3 Rg2 44. e6 Rxg3+ 45. Kd4 f5 46. Kd5 Kf6 47.
Kd4 Rf3 48. Kd5 Rh3 49. Ra6 Rxh4 50. Ra8 Rxf4 51. Rf8+ Kg5 52. Rf7 Re4 53. Rxe7
h4 54. Rh7 Re3 55. Kd6 f4 56. e7 f3 57. Rh8 Kg4 58. Rh6 Rxe7 59. Kxe7 g5 60. Ke6
h3 61. Ke5 f2 62. Rf6 h2 0-1

[Event "7th Sunway Sitges 2020"]
[Site "Sitges ESP"]
[Date "2020.12.17"]
[Round "5.16"]
[White "Korobov, Anton"]
[Black "Lever, Erwan"]
[Result "1-0"]
[WhiteTitle "GM"]
[WhiteElo "2693"]
[BlackElo "2200"]
[WhiteFideId "14105730"]
[BlackFideId "20640099"]
[EventDate "2020.12.13"]

1. e4 c5 2. Nf3 e6 3. g3 Nc6 4. Bg2 Nf6 5. d3 d5 6. Nbd2 Be7 7. O-O Qc7 8. Re1
b6 9. Qe2 Bb7 10. e5 Nd7 11. Nf1 h6 12. h4 O-O-O 13. c3 Kb8 14. a3 Rdg8 15. N1h2
g5 16. hxg5 hxg5 17. Ng4 Rh5 18. b4 Rgh8 19. d4 c4 20. a4 Qd8 21. Ba3 Qf8 22.
Qa2 f5 23. exf6 Nxf6 24. Nxf6 Qxf6 25. b5 Nd8 26. g4 R5h6 27. Ne5 Kc7 28. a5 Nf7
29. Bxe7 Qxe7 30. axb6+ axb6 31. Nxc4 dxc4 32. Bxb7 Qd6 33. Qa7 Kd8 34. Re3 Ke7
35. Bc6+ Kf8 36. Qa3 Rh4 37. Qxd6+ Nxd6 38. Rxe6 Rxg4+ 39. Kf1 Ne4 40. Re8+ 1-0

[Event "7th Sunway Sitges 2020"]
[Site "Sitges ESP"]
[Date "2020.12.17"]
[Round "5.17"]
[White "Grigoryan, Karen H."]
[Black "Martin Duque, Jesus"]
[Result "1-0"]
[WhiteTitle "GM"]
[BlackTitle "IM"]
[WhiteElo "2651"]
[BlackElo "2414"]
[WhiteFideId "13301004"]
[BlackFideId "2208954"]
[EventDate "2020.12.13"]

1. Nf3 Nf6 2. c4 b6 3. d4 e6 4. g3 Bb7 5. Bg2 Be7 6. O-O O-O 7. Re1 Na6 8. Nc3
Ne4 9. Bd2 d5 10. cxd5 exd5 11. Bf4 c5 12. Rc1 Re8 13. h4 cxd4 14. Nb5 Bb4 15.
Rf1 d3 16. exd3 Nd6 17. Nbd4 Bc5 18. a3 Qf6 19. Bg5 Qg6 20. b4 Bxd4 21. Nxd4 h6
22. Bf4 Nf5 23. Nxf5 Qxf5 24. d4 Qd7 25. Kh2 Rac8 26. Bh3 Rxc1 27. Bxd7 Rxd1 28.
Rxd1 Rd8 29. Bh3 Bc6 30. Rc1 Bb5 31. Rc8 Rxc8 32. Bxc8 Bc4 33. Bd6 f6 34. a4 1-0

[Event "7th Sunway Sitges 2020"]
[Site "Sitges ESP"]
[Date "2020.12.17"]
[Round "5.18"]
[White "Svoboda, Vaclav2"]
[Black "Dragnev, Valentin"]
[Result "1/2-1/2"]
[BlackTitle "GM"]
[WhiteElo "2407"]
[BlackElo "2564"]
[WhiteFideId "323551"]
[BlackFideId "1634852"]
[EventDate "2020.12.13"]

1. d4 Nf6 2. c4 g6 3. Nc3 d5 4. Bf4 Bg7 5. e3 c5 6. dxc5 Qa5 7. Rc1 O-O 8. cxd5
Nbd7 9. Bc4 Nxc5 10. Nf3 Qb4 11. Qe2 b5 12. Bxb5 Nxd5 13. Be5 Bxe5 14. Nxe5 Nxc3
15. bxc3 Qe4 16. f4 Rb8 17. Bc6 Qf5 18. O-O Ba6 19. c4 Rb6 20. Qf3 Nd3 21. Nxd3
Qxd3 22. Be4 Qa3 23. Rc2 Rc8 24. Rfc1 Rc5 25. Qe2 Rxc4 26. Rxc4 Qxc1+ 27. Rxc1
Bxe2 28. Kf2 Rb2 29. Rc2 Rxc2 30. Bxc2 Bb5 1/2-1/2

[Event "7th Sunway Sitges 2020"]
[Site "Sitges ESP"]
[Date "2020.12.17"]
[Round "5.19"]
[White "Lin, Yingrui"]
[Black "Maze, Sebastien"]
[Result "0-1"]
[BlackTitle "GM"]
[WhiteElo "2387"]
[BlackElo "2557"]
[WhiteFideId "32094272"]
[BlackFideId "613762"]
[EventDate "2020.12.13"]

1. d4 Nf6 2. c4 g6 3. Nc3 Bg7 4. e4 d6 5. h3 O-O 6. Be3 Na6 7. Nf3 e5 8. d5 Nc5
9. Nd2 a5 10. Be2 Bd7 11. g4 c6 12. h4 cxd5 13. cxd5 a4 14. h5 Rc8 15. Rc1 b5
16. g5 Nxh5 17. Bxc5 Rxc5 18. Bxh5 b4 19. Bg4 bxc3 20. Rxc3 Rxc3 21. bxc3 Be8
22. Nf3 Bb5 23. c4 Bd7 24. Nd2 Be8 25. Nf3 Qc7 26. Qd3 Bd7 27. Bxd7 Qxd7 28. Qe3
Rb8 29. Nd2 Bf8 30. f3 Be7 31. Ke2 Rb2 32. Rg1 Qh3 33. Qf2 Rxa2 34. c5 dxc5 35.
Rg3 Qd7 36. Qe3 Qb5+ 37. Qd3 c4 38. Qc3 Bb4 39. Qxe5 c3+ 40. Ke3 cxd2 41. Rg1
Qb6+ 0-1

[Event "7th Sunway Sitges 2020"]
[Site "Sitges ESP"]
[Date "2020.12.17"]
[Round "5.20"]
[White "Romanishin, Oleg M"]
[Black "Mendonca, Leon Luke"]
[Result "1/2-1/2"]
[WhiteTitle "GM"]
[BlackTitle "IM"]
[WhiteElo "2402"]
[BlackElo "2530"]
[WhiteFideId "14100088"]
[BlackFideId "35028561"]
[EventDate "2020.12.13"]

1. Nf3 Nf6 2. g3 d5 3. Bg2 c6 4. c4 dxc4 5. O-O Nbd7 6. Na3 Nb6 7. Qc2 Be6 8.
Ng5 Bg4 9. Nf3 Bxf3 10. Bxf3 Qd4 11. e3 Qd3 12. b3 Qxc2 13. Nxc2 cxb3 14. axb3
e6 15. d4 Nfd5 16. e4 Nb4 17. Na3 Be7 18. Be3 O-O 19. Rfc1 Rfd8 20. Nc4 Nxc4 21.
bxc4 b6 22. e5 a5 23. Be4 Rac8 24. c5 bxc5 25. dxc5 Ra8 26. Ra4 Nd5 27. Bd2 Rdb8
28. Rxa5 Rxa5 29. Bxa5 Rb5 30. Bb6 g5 31. Rb1 Rxb1+ 32. Bxb1 Bf8 33. Bc2 Bg7 34.
Ba4 Bxe5 35. Bxc6 Nxb6 1/2-1/2

[Event "7th Sunway Sitges 2020"]
[Site "Sitges ESP"]
[Date "2020.12.17"]
[Round "5.21"]
[White "Cuenca Jimenez, Jose Fernando"]
[Black "Ootes, Lars"]
[Result "0-1"]
[WhiteTitle "GM"]
[BlackTitle "IM"]
[WhiteElo "2528"]
[BlackElo "2373"]
[WhiteFideId "2255570"]
[BlackFideId "1019708"]
[EventDate "2020.12.13"]

1. e4 d6 2. d4 Nf6 3. Nc3 g6 4. Bg5 c6 5. Qd2 Nbd7 6. f4 Bg7 7. e5 Nd5 8. Nge2
f6 9. exf6 exf6 10. Bh4 Ne7 11. Ng1 O-O 12. Nf3 Nb6 13. Be2 Nf5 14. Bf2 d5 15.
O-O Nd6 16. b3 Re8 17. Ne1 Bf5 18. g4 Be4 19. Nd3 Nbc8 20. Nc5 f5 21. g5 b6 22.
Nd3 Bxd3 23. cxd3 a5 24. a4 Nb7 25. Bf3 Qd6 26. Ne2 Nd8 27. Rac1 Ne6 28. Rc2 Ne7
29. Rfc1 Reb8 30. Ra2 b5 31. Rc3 bxa4 32. Rxa4 Rb5 33. Be3 Qb8 34. Qa2 Kf7 35.
Kg2 Qb6 36. h4 Rb8 37. Qd2 Rb4 38. Qa2 Rxb3 39. Rxb3 Qxb3 40. Rxa5 Qxd3 41. Ra3
Qb1 42. Qxb1 Rxb1 43. Ra4 Nc8 44. h5 Bf8 45. h6 Bd6 46. Ra6 Ne7 47. Kf2 Bc7 48.
Ra8 Rb2 49. Ke1 Bb6 50. Kd1 Rb4 51. Kd2 Bc7 52. Kc3 Rb6 53. Kc2 Bb8 54. Ra4 Nc8
55. Ra8 Na7 56. Nc3 Nc7 57. Rxb8 Rxb8 58. Na4 Ne6 59. Nc3 Nc8 60. Be2 Rb4 61.
Kd3 Nd6 62. Bd1 Nc4 63. Bc1 Nb2+ 64. Bxb2 Rxb2 65. Ke3 Rb4 66. Ne2 Ke7 67. Bc2
Kd6 68. Kd3 c5 69. dxc5+ Kxc5 70. Ke3 Nd4 71. Nxd4 Rxd4 72. Bxf5 gxf5 0-1

[Event "7th Sunway Sitges 2020"]
[Site "Sitges ESP"]
[Date "2020.12.17"]
[Round "5.22"]
[White "Alvarez Albiol, Victor"]
[Black "Garriga Cazorla, Pere"]
[Result "0-1"]
[BlackTitle "IM"]
[WhiteElo "2206"]
[BlackElo "2487"]
[WhiteFideId "32065930"]
[BlackFideId "32011601"]
[EventDate "2020.12.13"]

1. e4 c5 2. Nf3 Nc6 3. Bb5 g6 4. Bxc6 bxc6 5. O-O Bg7 6. Re1 Nh6 7. c3 O-O 8. d4
cxd4 9. cxd4 d5 10. e5 f6 11. e6 Nf5 12. Nc3 Qd6 13. Qe2 g5 14. g4 Nh4 15. Nxh4
gxh4 16. Kh1 f5 17. Bg5 f4 18. Rad1 Rb8 19. a3 f3 20. Qe3 Rxb2 21. Na4 Re2 22.
Rxe2 fxe2 23. Qxe2 Qxe6 24. Qxe6+ Bxe6 25. h3 Rxf2 26. Bxe7 Rf4 27. Bc5 h5 28.
gxh5 Bxh3 29. Bxa7 Bg4 30. Rd2 Rf1+ 31. Kg2 Rf3 32. Bb8 Rxa3 33. Nc5 Bh6 34. Rb2
Bc1 35. Rb7 h3+ 36. Kh1 Ra2 37. Ra7 Bf3+ 38. Kg1 Be3+ 39. Kf1 Rxa7 0-1

[Event "7th Sunway Sitges 2020"]
[Site "Sitges ESP"]
[Date "2020.12.17"]
[Round "5.23"]
[White "Gines Esteo, Pedro Antonio"]
[Black "Eden, James"]
[Result "1-0"]
[WhiteTitle "IM"]
[BlackTitle "IM"]
[WhiteElo "2437"]
[BlackElo "2323"]
[WhiteFideId "32080190"]
[BlackFideId "666491"]
[EventDate "2020.12.13"]

1. d4 Nf6 2. c4 g6 3. Nc3 Bg7 4. e4 d6 5. Nf3 O-O 6. h3 e5 7. d5 Nh5 8. g3 f5 9.
exf5 gxf5 10. Nh4 Nf4 11. gxf4 Qxh4 12. fxe5 Bxe5 13. Rg1+ Kh8 14. Bg5 Re8 15.
Qe2 Bxc3+ 16. bxc3 Rxe2+ 17. Bxe2 Qxg5 18. Rxg5 Na6 19. Kd2 Nc5 20. Bd3 Bd7 21.
Re1 Rg8 22. Rxg8+ Kxg8 23. Re7 a5 24. h4 c6 25. Bc2 cxd5 26. cxd5 b5 27. a3 h5
28. Ke3 1-0

[Event "7th Sunway Sitges 2020"]
[Site "Sitges ESP"]
[Date "2020.12.17"]
[Round "5.24"]
[White "Boyer, Mahel"]
[Black "Siebrecht, Sebastian"]
[Result "1-0"]
[WhiteTitle "FM"]
[BlackTitle "GM"]
[WhiteElo "2307"]
[BlackElo "2429"]
[WhiteFideId "45102422"]
[BlackFideId "4609352"]
[EventDate "2020.12.13"]

1. e4 c5 2. d3 g6 3. g3 Bg7 4. Bg2 Nc6 5. f4 d6 6. Nf3 e5 7. O-O Nge7 8. Nc3 O-O
9. f5 gxf5 10. Nh4 fxe4 11. dxe4 Nd4 12. Qh5 f6 13. Nf5 Bxf5 14. exf5 d5 15. g4
e4 16. Rf2 Qe8 17. Qh3 Rd8 18. Be3 Nec6 19. Rd1 Rf7 20. Kh1 b6 21. Qg3 Bf8 22.
g5 Bd6 23. Qg4 Ne5 24. Qh5 Be7 25. g6 hxg6 26. fxg6 Rg7 27. Nxd5 Rxd5 28. Bxe4
Rd6 29. Bh6 Rxg6 30. Bxg6 Nxg6 31. Rg2 f5 32. c3 Bf8 33. cxd4 Bxh6 34. Qxh6 Qe4
35. Rf1 cxd4 36. Rf4 Qe1+ 37. Rg1 Qe8 38. h4 d3 39. Rd4 Qc6+ 40. Kh2 Qc7 41. Kh3 1-0

[Event "7th Sunway Sitges 2020"]
[Site "Sitges ESP"]
[Date "2020.12.17"]
[Round "5.25"]
[White "Bulmaga, Irina"]
[Black "Garcia Jimenez, Francisco Javier"]
[Result "1/2-1/2"]
[WhiteTitle "IM"]
[BlackTitle "FM"]
[WhiteElo "2424"]
[BlackElo "2288"]
[WhiteFideId "13903063"]
[BlackFideId "2231590"]
[EventDate "2020.12.13"]

1. e4 d5 2. exd5 Qxd5 3. Nc3 Qd8 4. d4 Nf6 5. Nf3 a6 6. a4 Nc6 7. h3 Bf5 8. Bc4
Nb4 9. Bb3 e6 10. Nh4 Bd3 11. Be3 Nfd5 12. Nxd5 Nxd5 13. Bxd5 exd5 14. Qxd3 Qxh4
15. O-O Bd6 16. Rfe1 O-O 17. Qb3 Qe4 18. Re2 b5 19. Rae1 Rab8 20. a5 Rbe8 21. f3
Qf5 22. Bd2 Re6 23. Rxe6 fxe6 24. Bb4 Bg3 25. Re2 Rf6 26. Be1 Bd6 27. Bb4 Qf4
28. Bxd6 Qxd4+ 29. Qe3 Qxe3+ 30. Rxe3 cxd6 31. Rc3 Rf4 32. b3 d4 33. Rc6 d3 34.
cxd3 Rd4 35. Rxa6 Rxd3 36. b4 Rd4 37. Kf2 Kf7 38. Ke3 Rxb4 39. Rxd6 Ra4 40. a6
Kf6 41. Rb6 h6 42. h4 Rxh4 43. Rxb5 Ra4 44. Rb6 h5 45. Kd3 g5 46. Kc3 Kf5 47.
Kb3 Ra1 48. Kb4 e5 49. Kb5 e4 50. fxe4+ Kxe4 51. Rc6 Kf4 52. Rc3 h4 53. Kb6 g4
54. a7 Rb1+ 55. Kc7 Ra1 56. Kb8 Rb1+ 1/2-1/2

[Event "7th Sunway Sitges 2020"]
[Site "Sitges ESP"]
[Date "2020.12.17"]
[Round "5.26"]
[White "Ortega Serra, Marc"]
[Black "Gatineau, Yovann"]
[Result "0-1"]
[BlackTitle "IM"]
[WhiteElo "2288"]
[BlackElo "2423"]
[WhiteFideId "2293137"]
[BlackFideId "26028999"]
[EventDate "2020.12.13"]

1. d4 Nf6 2. c4 e6 3. Nc3 Bb4 4. e3 O-O 5. a3 Bxc3+ 6. bxc3 b6 7. Bd3 Bb7 8. f3
c5 9. Ne2 Nc6 10. O-O Na5 11. e4 Ne8 12. f4 f5 13. e5 d6 14. dxc5 dxc5 15. Ng3
Ba6 16. Qe2 Qd7 17. Rd1 Qa4 18. Nf1 Bxc4 19. Bxc4 Nxc4 20. Ne3 Nxe3 21. Bxe3 Nc7
22. c4 Rfd8 23. Bf2 Rac8 24. h4 Rxd1+ 25. Rxd1 b5 26. Rc1 Qxa3 27. Qd2 bxc4 28.
Rc3 Qa4 29. Qc1 Nd5 30. Rxc4 Qb5 31. g3 a5 32. Rxc5 Rxc5 33. Bxc5 Qd3 34. Bf2
Nc3 35. Kh2 h6 36. Qa3 Qd2 37. Kg1 Ne4 38. Ba7 Qd1+ 39. Kg2 Qe2+ 40. Kg1 Nd2 41.
Bf2 Qf1+ 0-1

[Event "7th Sunway Sitges 2020"]
[Site "Sitges ESP"]
[Date "2020.12.17"]
[Round "5.27"]
[White "Travadon, Loic"]
[Black "Peycheva, Gergana"]
[Result "1/2-1/2"]
[WhiteTitle "IM"]
[BlackTitle "FM"]
[WhiteElo "2421"]
[BlackElo "2257"]
[WhiteFideId "26092131"]
[BlackFideId "2916711"]
[EventDate "2020.12.13"]

1. e4 c5 2. Nf3 g6 3. c4 Nc6 4. d4 cxd4 5. Nxd4 Nf6 6. Nc3 d6 7. Be2 Nxd4 8.
Qxd4 Bg7 9. Bg5 O-O 10. Qd2 a5 11. Rd1 Be6 12. O-O a4 13. Qe3 Qa5 14. f4 Rac8
15. e5 dxe5 16. fxe5 Ng4 17. Bxg4 Bxg4 18. Rd4 Be6 19. Nd5 Rxc4 20. Nxe7+ Kh8
21. Bf6 Bxf6 22. exf6 Qh5 23. Rxc4 Bxc4 24. Re1 Qh4 25. b3 axb3 26. axb3 Bb5 27.
Qf2 Qxf2+ 28. Kxf2 h6 29. Rc1 Kh7 30. h4 Rd8 31. Rc5 Rd2+ 32. Ke1 Re2+ 33. Kd1
Ba6 34. g4 Re4 35. h5 gxh5 36. gxh5 Rf4 37. Rf5 Rd4+ 38. Kc1 Be2 39. Kb2 Rh4 40.
Rc5 Rxh5 41. Rc8 Rh2 42. Rg8 Bf3+ 43. Kc3 Rg2 44. Rf8 Bh5 45. Kd4 Rf2 46. Ke5
Re2+ 47. Kf5 Rf2+ 48. Ke5 Re2+ 49. Kf5 Rf2+ 1/2-1/2

[Event "7th Sunway Sitges 2020"]
[Site "Sitges ESP"]
[Date "2020.12.17"]
[Round "5.28"]
[White "Dardha, Daniel"]
[Black "Villar Reymundo, Juan Antonio"]
[Result "1-0"]
[WhiteTitle "IM"]
[WhiteElo "2485"]
[BlackElo "2129"]
[WhiteFideId "240990"]
[BlackFideId "3802744"]
[EventDate "2020.12.13"]

1. c4 Nf6 2. Nc3 d5 3. cxd5 Nxd5 4. g3 e5 5. Bg2 Ne7 6. Nf3 Nbc6 7. O-O g6 8. b4
Bg7 9. Rb1 a6 10. a4 O-O 11. d3 h6 12. b5 axb5 13. axb5 Nd4 14. Nd2 Kh7 15. Nc4
g5 16. e3 Ne6 17. Ba3 f5 18. b6 cxb6 19. Qb3 Re8 20. Nd6 Nc6 21. Nxe8 Qxe8 22.
Nd5 Qd8 23. Nxb6 1-0